Screen, Stage, & Show Actors Quiz Stats

 Plays Quiz Updated Jun 25, 2015

Challenge
Share
Tweet
Score 0/30 Timer 08:00
2 Plays Today
% Correct
The Lion King
93.7%
Beauty and the Beast
84%
How I Met Your Mother
83.7%
American Beauty
82.4%
Modern Family
79.5%
Mamma Mia!
79%
The Smurfs
77.2%
House of Cards
76.1%
Good Will Hunting
75.7%
Frasier
73.9%
Mork and Mindy
71.8%
The Producers
71.3%
Driving Miss Daisy
71.2%
Murder, She Wrote
71.1%
Daredevil
64.2%
% Correct
X-Men: The Last Stand
62.7%
Malcolm X
62.2%
Alias
59.9%
The Good Wife
59.8%
Boardwalk Empire
57.9%
Sweeney Todd: The Demon Barber of Fleet Street
57.5%
Casino Royale
55.1%
Cyrano de Bergerac
44.7%
Hedwig and the Angry Inch
39.5%
St. Elsewhere
33.5%
A Raisin in the Sun
30.5%
Waiting for Godot
23%
La Cage aux Folles
14.6%
The Iceman Cometh
9.6%
Topdog-Underdog
3.4%

You're not logged in!

Compare scores with friends on all Sporcle quizzes.
OR
Log In

You Might Also Like...

Show Comments

Extras

Top Quizzes Today


Score Distribution

Your Account Isn't Verified!

In order to create a playlist on Sporcle, you need to verify the email address you used during registration. Go to your Sporcle Settings to finish the process.

Report this User

Report this user for behavior that violates our Community Guidelines.

Details: